<?xml version="1.0" encoding="UTF-8"?>
<marc:record xmlns:marc="http://www.loc.gov/MARC21/slim">
   <marc:leader>00000nam a2200000 a 4500</marc:leader>
   <marc:datafield ind1="1" ind2=" " tag="100">
      <marc:subfield code="a">Coelho, Paulo</marc:subfield>
      <marc:subfield code="4">aut</marc:subfield>
      <marc:subfield code="e">Verfasser/-in</marc:subfield>
   </marc:datafield>
   <marc:datafield ind1="0" ind2="0" tag="245">
      <marc:subfield code="a">Der Alchimist</marc:subfield>
   </marc:datafield>
   <marc:datafield ind1="0" ind2="0" tag="245">
      <marc:subfield code="b">Roman</marc:subfield>
   </marc:datafield>
   <marc:datafield ind1="0" ind2="0" tag="245">
      <marc:subfield code="c">Paulo Coelho</marc:subfield>
   </marc:datafield>
   <marc:datafield ind1=" " ind2="1" tag="264">
      <marc:subfield code="a">Zürich</marc:subfield>
      <marc:subfield code="b">Diogenes</marc:subfield>
      <marc:subfield code="c">1996</marc:subfield>
   </marc:datafield>
   <marc:datafield ind1="1" ind2=" " tag="520">
      <marc:subfield code="a">Der andalusische Hirte Santiago macht sich auf, seinen Lebenstraum zu verwirklichen. Er sucht einen Schatz, von dessen Existenz er wiederholt geträumt hatte. Seine abenteuerliche Reise, die ihn von Tanger bis nach Ägypten führt und mit den unterschiedlichsten Menschen zusammenbringt, ist letztlich eine Suche nach inneren Werten, die in der philosophischen Erkenntnis mündet, dass das Wesentliche unsichtbar für die Augen ist. Der brasilianische Autor (Jahrgang 1947) hat epische und esoterisch-philosophische Elemente zur Einheit verschmolzen. Eine deutsche Übersetzung dieses Wüstenmärchens von der Gedankentiefe Saint-Exupérys erschien erstmals 1993 (Ed. Erd, hier nicht besprochen). Nach dem grossen internationalen Erfolg des Romans, der dieses Jahr in Frankreich die Bestsellerlisten anführte, hier eine durchgesehene und ergänzte Neuausgabe. Nachdrücklich empfohlen für Bibliotheken jeder Grösse.</marc:subfield>
   </marc:datafield>
   <marc:datafield ind1=" " ind2=" " tag="020">
      <marc:subfield code="a">3257061269</marc:subfield>
      <marc:subfield code="9">3257061269</marc:subfield>
   </marc:datafield>
   <marc:datafield ind1=" " ind2=" " tag="500">
      <marc:subfield code="a">Aus dem Bras.</marc:subfield>
   </marc:datafield>
   <marc:datafield ind1=" " ind2=" " tag="300">
      <marc:subfield code="a">172 S.</marc:subfield>
   </marc:datafield>
</marc:record>
